000 00907nam a22002417a 4500
001 81810
003 BD-RjUL
005 20230829154230.0
008 230829s2021 bg a|||| m||| 00| 0 eng d
035 _a(BD-RjUL)81810
040 _aBD-RjUL
_beng
_cBD-RjUL
_dBD-RjUL
041 _aeng
082 _223
_a332.123
_bNYP 2021
100 _aNyem, Md. Zulker
_98687
245 1 0 _aPerformance evaluation of private commercial Banks in Bangladesh :
_bA study of selected commercial banks /
_cBy Md. Zulker Nyem ;
_6Supervisor : M. Amzad Hossain
260 _aRajshahi :
_bDepartment of Finance, University of Rajshahi,
_c2021
300 _a[2], 261 leaves :
_bill, ;
_c29.cm.
502 _aThesis (Ph. D.) -- Department of Finance, University of Rajshahi, 2021
504 _aBibliography : Leaves 244 - 252
650 _aPrivate Banks
_92667
700 _aHossain, M. Amzad, Supervisor
_98688
942 _2ddc
_cTHE
999 _c81810
_d81810